<?xml version="1.0" encoding="UTF-8"?>
<record
    xmlns:xsi="http://www.w3.org/2001/XMLSchema-instance"
    xsi:schemaLocation="http://www.loc.gov/MARC21/slim http://www.loc.gov/standards/marcxml/schema/MARC21slim.xsd"
    xmlns="http://www.loc.gov/MARC21/slim">

  <leader>01168nam a22002657a 4500</leader>
  <controlfield tag="008">170819s2008        enk||||| |||| 00| 0 eng d</controlfield>
  <datafield tag="020" ind1=" " ind2=" ">
    <subfield code="a">9781854377319</subfield>
  </datafield>
  <datafield tag="082" ind1="0" ind2="4">
    <subfield code="a">700.4112</subfield>
    <subfield code="b">M965d</subfield>
  </datafield>
  <datafield tag="100" ind1="1" ind2=" ">
    <subfield code="a">Mundy, Jennifer.</subfield>
    <subfield code="9">5916</subfield>
  </datafield>
  <datafield tag="245" ind1="1" ind2="0">
    <subfield code="a">Duchamp, Manray, Picabia /</subfield>
    <subfield code="c">editado por Jennifer Mundy.</subfield>
  </datafield>
  <datafield tag="250" ind1=" " ind2=" ">
    <subfield code="a">1a edici&#xF3;n.</subfield>
  </datafield>
  <datafield tag="260" ind1=" " ind2=" ">
    <subfield code="a">Londres :</subfield>
    <subfield code="b">Tate Publishing,</subfield>
    <subfield code="c">2008.</subfield>
  </datafield>
  <datafield tag="300" ind1=" " ind2=" ">
    <subfield code="a">249 p&#xE1;ginas :</subfield>
    <subfield code="b">ilustraciones en color.</subfield>
  </datafield>
  <datafield tag="505" ind1="0" ind2=" ">
    <subfield code="t">Foreword</subfield>
    <subfield code="t">The art of friendship</subfield>
    <subfield code="r">Jennifer Mundy.</subfield>
    <subfield code="t">Aesthetic anarchy</subfield>
    <subfield code="r">Francis M. Naumann.</subfield>
    <subfield code="t">Male poetics</subfield>
    <subfield code="r">David Hopkins.</subfield>
    <subfield code="t">Camera creation</subfield>
    <subfield code="r">Dawn Ades.</subfield>
    <subfield code="t">Funny guys</subfield>
    <subfield code="r">Jean-Hubert Martin.</subfield>
    <subfield code="t">The philosophy of the readymade and of its editions</subfield>
    <subfield code="r">Arturo Schwarz.</subfield>
    <subfield code="t">Chess as art</subfield>
    <subfield code="r">Larry List.</subfield>
    <subfield code="t">Dilded cages</subfield>
    <subfield code="r">Sara Cochran.</subfield>
    <subfield code="t">Eros triumphant</subfield>
    <subfield code="r">Michael R. Taylor.</subfield>
    <subfield code="t">Chronology </subfield>
    <subfield code="r">Katie Croll-Knight.</subfield>
  </datafield>
  <datafield tag="600" ind1="1" ind2="4">
    <subfield code="a">Duchamp, Marcel.</subfield>
    <subfield code="9">5917</subfield>
  </datafield>
  <datafield tag="600" ind1="1" ind2="4">
    <subfield code="a">Ray, Man. </subfield>
    <subfield code="9">5918</subfield>
  </datafield>
  <datafield tag="600" ind1="1" ind2="4">
    <subfield code="a">Picabia, Francis.</subfield>
    <subfield code="9">5919</subfield>
  </datafield>
  <datafield tag="653" ind1="1" ind2="0">
    <subfield code="a">Arte contempor&#xE1;neo</subfield>
  </datafield>
  <datafield tag="653" ind1="1" ind2="0">
    <subfield code="a">Modernismo</subfield>
  </datafield>
  <datafield tag="653" ind1="1" ind2="0">
    <subfield code="a">Exhibiciones</subfield>
  </datafield>
  <datafield tag="653" ind1="1" ind2="0">
    <subfield code="a">Arte - Siglo XXI</subfield>
  </datafield>
  <datafield tag="653" ind1="1" ind2="0">
    <subfield code="a">Arte - Cr&#xED;tica y apreciaci&#xF3;n</subfield>
  </datafield>
  <datafield tag="653" ind1="1" ind2="0">
    <subfield code="a">Artes visuales</subfield>
  </datafield>
  <datafield tag="653" ind1="1" ind2="0">
    <subfield code="a">Colecciones art&#xED;sticas</subfield>
  </datafield>
  <datafield tag="999" ind1=" " ind2=" ">
    <subfield code="c">1256</subfield>
    <subfield code="d">1256</subfield>
  </datafield>
  <datafield tag="952" ind1=" " ind2=" ">
    <subfield code="0">0</subfield>
    <subfield code="1">0</subfield>
    <subfield code="2">ddc</subfield>
    <subfield code="4">0</subfield>
    <subfield code="7">0</subfield>
    <subfield code="a">LV</subfield>
    <subfield code="b">LV</subfield>
    <subfield code="c">Monograf&#xED;as</subfield>
    <subfield code="d">2017-08-19</subfield>
    <subfield code="l">0</subfield>
    <subfield code="o">700.4112 M965d</subfield>
    <subfield code="p">001412</subfield>
    <subfield code="r">2017-08-19 00:00:00</subfield>
    <subfield code="w">2017-08-19</subfield>
    <subfield code="y">01</subfield>
  </datafield>
</record>
